Vznik a miesto vecného práva v súkromnoprávnom poriadku

Vecné právo v transformujúcich sa štátoch strednej a východnej Európy. Vecné právo v angloamerickom systéme.

Na minha lista:
Detalhes bibliográficos
Autor principal: Lazar, Ján
Formato: Capítulo de Livro
Idioma:eslovaco
Assuntos:
Tags: Adicionar Tag
Sem tags, seja o primeiro a adicionar uma tag!

MARC

LEADER 00000naa a2200000 4500
001 0211195
005 20231208100726.2
041 0 |a slo 
044 |a SK 
245 1 0 |a Vznik a miesto vecného práva v súkromnoprávnom poriadku  |c Ján Lazar 
520 |a Vecné právo v transformujúcich sa štátoch strednej a východnej Európy. Vecné právo v angloamerickom systéme. 
610 2 0 |a poriadok právny 
610 2 0 |a systémy právne 
610 2 0 |a krajiny tranzitívne 
610 2 0 |a zákonník občiansky 
610 2 0 |a právo súkromné 
100 1 |a Lazar, Ján